Đang tải...

ഓണക്കവിതകള്‍ /

Chi tiết về thư mục
Tác giả chính: പിള്ള, ചവറ കെ. എസ്
Tác giả khác: Pillai, Chavara K. S.
Định dạng: Printed Book
Ngôn ngữ:English
Được phát hành: കോട്ടയം : അസെന്‍ഡ് പബ്ലിക്കേഷന്‍സ്, 2014.
Phiên bản:1st ed.
Những chủ đề:
LEADER 00767nam a22001937a 4500
008 161216b xxu||||| |||| 00| 0 eng d
082 |a 894.11  |b PIL 
100 |a പിള്ള, ചവറ കെ. എസ്. 
240 |a Onakkavithakal 
245 |a ഓണക്കവിതകള്‍ /  |c ചവറ കെ. എസ്. പിള്ള 
250 |a 1st ed. 
260 |a കോട്ടയം :  |b അസെന്‍ഡ് പബ്ലിക്കേഷന്‍സ്,  |c 2014. 
300 |a 48p. 
650 |a Poem 
650 |a കവിത 
700 |a Pillai, Chavara K. S. 
942 |2 ddc  |c BK 
999 |c 16164  |d 16164 
952 |0 0  |1 0  |2 ddc  |4 0  |6 894_110000000000000_PIL  |7 0  |9 22696  |a MAIN  |b MAIN  |d 2016-12-16  |e Kairali Books  |g 45.00  |o 894.11 PIL  |p 22864  |r 2016-12-16  |t 1  |w 2016-12-16  |y BK